ბათუმის შოთა რუსთაველის სახელმწიფო უნივერსიტეტის ბიბლიოთეკა

Дифференциальное и интегральное исчисление (ბიბ.ჩანაწერი № 39123)

000 -LEADER
fixed length control field 00667nam a2200217Ia 4500
001 - CONTROL NUMBER
control field 5704
003 - CONTROL NUMBER IDENTIFIER
control field GE_BSU
008 - FIXED-LENGTH DATA ELEMENTS--GENERAL INFORMATION
fixed length control field 181216s||||||||xx |||||||||||||| ||und||
040 ## - CATALOGING SOURCE
Transcribing agency GE_BSU
080 ## - UNIVERSAL DECIMAL CLASSIFICATION NUMBER
Universal Decimal Classification number 5176.2+517.3
100 ## - MAIN ENTRY--PERSONAL NAME
Personal name Банах, С
245 ## - TITLE STATEMENT
Title Дифференциальное и интегральное исчисление
245 ## - TITLE STATEMENT
Statement of responsibility, etc. Пер. с польски ред С.И.Зуховицуого
250 ## - EDITION STATEMENT
Edition statement Изд.3-е испр.
260 ## - PUBLICATION, DISTRIBUTION, ETC.
Place of publication, distribution, etc. Москва
260 ## - PUBLICATION, DISTRIBUTION, ETC.
Name of publisher, distributor, etc. Наука
260 ## - PUBLICATION, DISTRIBUTION, ETC.
Date of publication, distribution, etc. 1972.
300 ## - PHYSICAL DESCRIPTION
Extent 423 с.22см.
653 ## - INDEX TERM--UNCONTROLLED
Uncontrolled term Дифференциальное и интегральное исчисление
942 ## - ADDED ENTRY ELEMENTS (KOHA)
Koha item type წიგნი
ეგზემპლარები
Withdrawn status Lost status Damaged status Not for loan Date acquired Barcode Date last seen Price effective from Koha item type
        2018-12-17 16799 2018-12-17 2018-12-17 წიგნი